Community as Partner (Record no. 15671)

MARC details
000 -LEADER
fixed length control field 00550nam a22001697a 4500
008 - FIXED-LENGTH DATA ELEMENTS--GENERAL INFORMATION
fixed length control field 160211b xxu||||| |||| 00| 0 eng d
020 ## - INTERNATIONAL STANDARD BOOK NUMBER
International Standard Book Number 1605478555
100 ## - MAIN ENTRY--PERSONAL NAME
Personal name Anderson Elizabeth T.
245 ## - TITLE STATEMENT
Title Community as Partner
Remainder of title Theory in Practice in Nursing
Statement of responsibility, etc. Elizabeth T. Anderson
250 ## - EDITION STATEMENT
Edition statement 6th ed.
260 ## - PUBLICATION, DISTRIBUTION, ETC. (IMPRINT)
Place of publication, distribution, etc. China
Name of publisher, distributor, etc. Wolters Kluwer Health
Date of publication, distribution, etc. 2011
300 ## - PHYSICAL DESCRIPTION
Extent xiv, 402p.
Other physical details ill.
650 ## - SUBJECT ADDED ENTRY--TOPICAL TERM
Topical term or geographic name as entry element Community Health Nursing
650 ## - SUBJECT ADDED ENTRY--TOPICAL TERM
Topical term or geographic name as entry element Health Promotion
700 ## - ADDED ENTRY--PERSONAL NAME
Personal name Judith McFarlance
942 ## - ADDED ENTRY ELEMENTS (KOHA)
Source of classification or shelving scheme Library of Congress Classification
Koha item type General Collection
Edition 6th ed.
Classification part RT98
Call number prefix .A53 2011 C.1
Holdings
Withdrawn status Lost status Source of classification or shelving scheme Not for loan Home library Current library Shelving location Date acquired Cost, normal purchase price Total Checkouts Full call number Barcode Date last seen Price effective from Koha item type
    Library of Congress Classification   Kabarak, Main Campus Kabarak, Main Campus General Stacks 11/02/2016 4594.20   RT98 .A53 2011 C.1 016679 11/02/2016 11/02/2016 General Collection
Designed with assistance from East African Informatics Ltd